ბათუმის შოთა რუსთაველის სახელმწიფო უნივერსიტეტის ბიბლიოთეკა

ქართული კულტურა, სამართლის ძეგლები და დემოკრატიული ღირებულებები : (ბიბ.ჩანაწერი № 59438)

000 -ლიდერი
ფიქსირებული სიგრძის საკონტროლო ველი 01551nam a22002537a 4500
003 - საკონტროლო ნომრის იდენტიფიკატორი
საკონტროლო ველი Ge_BSU
005 - ბოლო ოპერაციის თარიღი და დრო
საკონტროლო ველი 20230216143904.0
008 - ფიქსირებული სიგრძის მონაცემთა ელემენტები - ზოგადი ინფორმაცია
ფიქსირებული სიგრძის საკონტროლო ველი 230216s2011 ge ||||| |||| 00| 0 geo d
041 ## - ენის კოდი
Language code of text/sound track or separate title geo
080 ## - უნივერსალური ათობითი კლასიფიკაციის ინდექსი
Universal Decimal Classification number 008(479.22): 321.7 ქ-27
245 ## - ცნობა სათაურის შესახებ
Title ქართული კულტურა, სამართლის ძეგლები და დემოკრატიული ღირებულებები :
Remainder of title კრებული /
Statement of responsibility, etc ავტორ- შემდგენელი ოთარ გოგოლიშვილი, რამინ გვარიშვილი, გენადი გელაძე, ომარ ფარტენაძე; რედ. მარიკა ჩხუბაძე.
264 ## - წარმოების, გამოცემის, დისტრიბუციის და სხვა ცნობები
გამოცემის, წარმოების, დისტრიბუციის... ადგილი ბათუმი,
გამოცემის, წარმოების, დისტრიბუციის... თარიღი 2011.
300 ## - ფიზიკური აღწერა
Extent 140 გვ.;
Other physical details 21 სმ.
440 ## - სერიის ცნობა / დამატებულია ჩანაწერი - სათაური
Title დემოკრატიის ინსტიტუტი
9 (RLIN) 16947
653 ## - INDEX TERM--UNCONTROLLED
Uncontrolled term სამართალი
653 ## - INDEX TERM--UNCONTROLLED
Uncontrolled term დემოკრატიული ღირებულებები
653 ## - INDEX TERM--UNCONTROLLED
Uncontrolled term სამართლის ძეგლები
700 ## - ADDED ENTRY--PERSONAL NAME
Personal name გოგოლიშვილი, ოთარ
Relator term ავტორი
9 (RLIN) 16942
700 ## - ADDED ENTRY--PERSONAL NAME
Personal name გვარიშვილი, რამინ
Relator term ავტორი
9 (RLIN) 16943
700 ## - ADDED ENTRY--PERSONAL NAME
Personal name გელაძე, გენადი
Relator term ავტორი
9 (RLIN) 1083
700 ## - ADDED ENTRY--PERSONAL NAME
Personal name ფარტენაძე, ომარ
Relator term ავტორი
9 (RLIN) 2270
700 ## - ADDED ENTRY--PERSONAL NAME
Personal name ჩხუბაძე, მარიკა
Relator term რედაქტორი
9 (RLIN) 16944
942 ## - ADDED ENTRY ELEMENTS (KOHA)
Source of classification or shelving scheme
Koha item type წიგნი
ეგზემპლარები
ჩამოწერის სტატუსი დაკარგული ეგზემპლარის სტატუსი კლასიფიკაციის წყარო ან თაროზე გაწყობის სქემა დაზიანების სტატუსი არ გაიცემა მუდმივი მდებარეობა (დაცვის ადგილი) ამჟამინდელი ადგილსამყოფელი თაროზე განთავსების ადგილი შეძენის თარიღი ღირებულება, შესყიდვის ნორმალური ფასი სრული შენახვის შიფრი შტრიხკოდი ბოლო ოპერაციის თარიღი ეგზემპლარის მიმდევრობითი ნომერი (კეტერი?) ფასის ძალაში შესვლის თარიღი ეგზემპლარის სახეობა საჯარო შენიშვნა
          ბათუმის შოთა რუსთაველის სახელმწიფო უნივერსიტეტის მთავარი ბიბლიოთეკა ბათუმის შოთა რუსთაველის სახელმწიფო უნივერსიტეტის მთავარი ბიბლიოთეკა წიგნსაცავი 2023-02-16 5.00 008(479.22): 321.7 ქ-27 63827 2023-02-16 63827 2023-02-16 წიგნი 5 ლ.